000
00278nam a2200109Ia 4500
008
190914s9999||||xx |||||||||||||| ||und||
100
_a
Stephen C. Harsany
245
0
_a
Principles of Microwave Technology
260
_a
New Delhi
_b
Bantam Books
_c
2000
300
_a
708
942
_c
BK
999
_c
9248
_d
9248